| 000 | 00758nam a2200289Ia 4500 | ||
|---|---|---|---|
| 008 | 181129s9999 xx 000 0 und d | ||
| 020 | _a9780794413668 | ||
| 050 | _bA328 1997 | ||
| 100 | _aAlbee, Sarah | ||
| 245 | 0 | _aC : | |
| 245 | 0 | _bC is for cookie / | |
| 245 | 0 | _cby Sarah Albee ; pictures by David Prebenna. | |
| 260 | _aPleasantville, NY : | ||
| 260 | _bReader's Digest Young Families, | ||
| 260 | _c1997 | ||
| 300 | _aunpaged : | ||
| 300 | _bcolor illustrations ; | ||
| 300 | _c14cm. | ||
| 440 | _aSesame Street ABC's. | ||
| 650 | _aAlphabet -- | ||
| 650 | _aCookie Monster (Fictious character). | ||
| 650 | _aFood. | ||
| 650 | _xJuvenile literature. | ||
| 700 | _aPrebenna, David. | ||
| 700 | _aSeries. | ||
| 700 | _aTitle. | ||
| 999 |
_c359518 _d359518 |
||